Professional iPhone® Programming with MonoTouch and .NET/C# /

What .NET C# developers need to enter the hot field of iPhone apps iPhone applications offer a hot opportunity for developers. Until the open source MonoTouch project, this field was limited to those familiar with Apple's programming languages. Now .NET and C# developers can join the party. Pro...

Full description

Bibliographic Details
Main Authors: McClure, Wallace (Author), Bowling, Martin (Author), Dunn, Craig (Author), Hardy, Chris (Author), Blyth, Rory (Author)
Corporate Author: Safari, an O'Reilly Media Company
Format: eBook
Language:English
Published: Wrox, 2010.
Edition:1st edition.
Subjects:
Online Access:Connect to this electronic resource

MARC

Tag First Indicator Second Indicator Subfields
LEADER 00000uam a2200000 a 4500
001 in00004259089
005 20260122214904.1
006 m o d
007 cr cn
008 100513s2010 xx o eng
020 |z 9780470637821 
020 |z 047063782X 
035 |a (CaSebORM)9780470637821 
040 |d UtOrBLW 
041 0 |a eng 
100 1 |a McClure, Wallace,  |e author. 
245 1 0 |a Professional iPhone® Programming with MonoTouch and .NET/C# /  |c McClure, Wallace. 
250 |a 1st edition. 
264 1 |b Wrox,  |c 2010. 
300 |a 1 online resource (383 pages) 
336 |a text  |b txt  |2 rdacontent 
337 |a computer  |b c  |2 rdamedia 
338 |a online resource  |b cr  |2 rdacarrier 
347 |a text file 
520 |a What .NET C# developers need to enter the hot field of iPhone apps iPhone applications offer a hot opportunity for developers. Until the open source MonoTouch project, this field was limited to those familiar with Apple's programming languages. Now .NET and C# developers can join the party. Professional iPhone Programming with MonoTouch and .NET/C# is the first book to cover MonoTouch, preparing developers to take advantage of this lucrative opportunity. This book is for .NET developers that are interested in creating native iPhone applications written in .NET/C#. These developers want to use their existing knowledge. While .NET developers are always interested in learning, they also recognize that learning Objective-C and the specifics of the iPhone can be overwhelming. Those developers interested in MonoTouch will recognize that the cost of MonoTouch is easily made up by the ability to quickly target the iPhone using a language that they are already familiar with. This book is designed for .NET developers that want to target the iPhone. It is designed to help you get up to speed with the iPhone, not to really teach you about the .NET Framework or C# language, which we assume you already know. This book is designed with introductory material in Chapters 1 thru 4. You should read Chapters 1 thru 4 sequentially. These chapters introduce the MonoTouch product, the basics of developing with MonoTouch and MonoDevelop, and finally, the basics of presenting data to a user with screen and data controls and how to develop a user interface for the iPhone. Once you are comfortable with these concepts, you can typically move from one chapter to another and not necessarily have to read the chapters sequentially. Chapter 1 "Introduction to iPhone Development with MonoTouch for C# Developers" This chapter looks at how the largest segment of developers can target the smartphone with the highest mindshare, and that the smartphone is growing faster in marketshare than any other device. Chapter 2 "Introduction to MonoTouch" gives you a firm foundation in MonoTouch, MonoDevelop, Interface Builder, debugging, and deploying. Chapter 3 "Planning Your App's UI: Exploring the Screen Controls" teaches you about creating your application's UI and specifically how the UI on the iPhone can differ from UIs that you might have created before. You also explore the Input & Value objects from the Interface Builder Objects Library. Chapter 4 "Data Controls" shows the Interface... 
533 |a Electronic reproduction.  |b Boston, MA :  |c Safari,  |n Available via World Wide Web.  |d 2010. 
538 |a Mode of access: World Wide Web. 
542 |f Copyright © Wrox  |g 2010 
588 |a Online resource; Title from title page (viewed July 13, 2010) 
500 |a Electronic resource. 
655 7 |a Electronic books.  |2 local 
700 1 |a Bowling, Martin,  |e author. 
700 1 |a Dunn, Craig,  |e author.  |0 http://id.loc.gov/authorities/names/n2005003930 
700 1 |a Hardy, Chris,  |e author. 
700 1 |a Blyth, Rory,  |e author. 
710 2 |a Safari, an O'Reilly Media Company. 
856 4 0 |u https://proxy.library.tamu.edu/login?url=https://go.oreilly.com/TAMU/library/view/-/9780470637821/?ar  |z Connect to this electronic resource  |t 0 
999 f f |s 686a45dd-5435-3253-ab14-792afaf0a832  |i 33074770-8f5d-3cd9-81e8-46acf41c2eef  |t 0 
952 f f |a Texas A&M University  |b College Station  |c Electronic Resources  |s www_evans  |d Available Online  |t 0  |h No information provided 
998 f f |t 0  |l Available Online